000 00566nam a2200205Ia 4500
005 20250923144913.0
008 008 250917s9999 xx 000 0 eng d
037 _aTextual
040 _aDSWL
_beng
_cDSWL
041 _aeng
_2eng
084 _aY15.4, N47
_qDSWL
100 _aBanerjee, Kshitish Chandra
_9829622
245 0 _aWomen and society in Foreign countries
_cby Kshitish Chandra Banerjee
260 _c1946
300 _a102p.
365 _aINR
_b2
925 _g2
942 _cTEXL
_hY15.4, N47
999 _c1444798
_d1444798